| 000 | 01089njm a22002537a 4500 | ||
|---|---|---|---|
| 005 | 20100909150250.0 | ||
| 007 | sd ammalaaahaa | ||
| 008 | 100830t xxu||||| |||| 00| 0 eng d | ||
| 028 |
_aN.54940 _bHis Master's Voice |
||
| 035 | _aGR-01555 | ||
| 040 |
_aSED _cSED |
||
| 100 |
_aBhosle,Asha _918698 |
||
| 245 |
_aDo Badan / _cby B.R.Productions ; sung by Asha Bhosle; Music dtn by Ravi; Lyric by Shakeel Badayuni _h[sound recording]: |
||
| 246 | _a दो बदन / | ||
| 260 |
_aDum Dum, India: _bHis Master 's Voice _c1965 |
||
| 300 |
_a1 sound disc [GramphoneRecording]: _banalog,33.1/3 rpm _c9.5 in.(MP) _fGramphones Records |
||
| 500 | _aBrief Record | ||
| 505 | _aSide 1 जब चली ठंडी हवा (Jab chali thandi hava) (Asha Bhosle) Side 2 लो आगई उनकी याद (Lo aagi unki yaad) (Lata Mangeshkar). | ||
| 650 |
_xExperts _zIndia _917446 _aMotion picture music |
||
| 700 |
_aRavi _919190 |
||
| 700 |
_aBadayuni,Shakeel _919210 |
||
| 942 |
_2ddc _cGR |
||
| 999 |
_c44862 _d44862 |
||